Essentials Of Supply Chain Management (Record no. 95208)
[ view plain ]
| 000 -LEADER | |
|---|---|
| fixed length control field | 00574nam a2200217Ia 4500 |
| 008 - FIXED-LENGTH DATA ELEMENTS--GENERAL INFORMATION | |
| fixed length control field | 230125s9999 xx 000 0 und d |
| 020 ## - INTERNATIONAL STANDARD BOOK NUMBER | |
| International Standard Book Number | 9788176602693 |
| 041 ## - LANGUAGE CODE | |
| Language code of text/sound track or separate title | eng |
| 082 ## - DEWEY DECIMAL CLASSIFICATION NUMBER | |
| Classification number | 658.84 |
| Item number | SAY |
| 100 ## - MAIN ENTRY--PERSONAL NAME | |
| Personal name | Sayankar V N |
| 9 (RLIN) | 106359 |
| 245 ## - TITLE STATEMENT | |
| Title | Essentials Of Supply Chain Management |
| 250 ## - EDITION STATEMENT | |
| Edition statement | 1st Ed. |
| 260 ## - PUBLICATION, DISTRIBUTION, ETC. (IMPRINT) | |
| Date of publication, distribution, etc. | 2016 |
| Name of publisher, distributor, etc. | Everest Publishing house |
| Place of publication, distribution, etc. | New Delhi |
| 300 ## - PHYSICAL DESCRIPTION | |
| Extent | 148p |
| 440 ## - SERIES STATEMENT/ADDED ENTRY--TITLE | |
| Volume/sequential designation | 5 |
| 500 ## - GENERAL NOTE | |
| Keywords | Supply Chain Management; |
| 650 ## - SUBJECT ADDED ENTRY--TOPICAL TERM | |
| Topical term or geographic name as entry element | Logistics Management |
| 9 (RLIN) | 113036 |
| 700 ## - ADDED ENTRY--PERSONAL NAME | |
| Personal name | Sayankar V N |
| 9 (RLIN) | 106359 |
| 906 ## - LOCAL DATA ELEMENT F, LDF (RLIN) | |
| b | 29 |
| Withdrawn status | Lost status | Damaged status | Not for loan | Home library | Current library | Date acquired | Vendor | Cost, normal purchase price | Bill number | Total Checkouts | Full call number | Barcode | Date last seen | Cost, replacement price | Bill Date | Koha item type | Original Barcode |
|---|---|---|---|---|---|---|---|---|---|---|---|---|---|---|---|---|---|
| Smt. Hiraben Nanavati Institute of Management & Research for Women | Smt. Hiraben Nanavati Institute of Management & Research for Women | 14/03/2018 | Pritam Book Centre | 282.00 | 10568 | 658.84 SAY B16742 | HIMR-BK-16742 | 25/01/2023 | 253.00 | 10/03/2018 | Books | B16742 | |||||
| Smt. Hiraben Nanavati Institute of Management & Research for Women | Smt. Hiraben Nanavati Institute of Management & Research for Women | 14/03/2018 | Pritam Book Centre | 282.00 | 10568 | 658.84 SAY B16743 | HIMR-BK-16743 | 25/01/2023 | 253.00 | 10/03/2018 | Books | B16743 | |||||
| Smt. Hiraben Nanavati Institute of Management & Research for Women | Smt. Hiraben Nanavati Institute of Management & Research for Women | 14/03/2018 | Pritam Book Centre | 282.00 | 10568 | 658.84 SAY B16744 | HIMR-BK-16744 | 25/01/2023 | 253.00 | 10/03/2018 | Books | B16744 | |||||
| Smt. Hiraben Nanavati Institute of Management & Research for Women | Smt. Hiraben Nanavati Institute of Management & Research for Women | 14/03/2018 | Pritam Book Centre | 282.00 | 10568 | 658.84 SAY B16745 | HIMR-BK-16745 | 25/01/2023 | 253.00 | 10/03/2018 | Books | B16745 | |||||
| Smt. Hiraben Nanavati Institute of Management & Research for Women | Smt. Hiraben Nanavati Institute of Management & Research for Women | 14/03/2018 | Pritam Book Centre | 282.00 | 10568 | 658.84 SAY B16746 | HIMR-BK-16746 | 25/01/2023 | 253.00 | 10/03/2018 | Books | B16746 |